[Event "Titled Tuesday intern op 14th Feb Early"]
[Site "Chess.com INT"]
[Date "2023.02.14"]
[Round "5"]
[White "Chylewski, Patryk"]
[Black "Boruchovsky, Avital"]
[Result "0-1"]
[WhiteElo "2281"]
[BlackElo "2540"]
[PlyCount "78"]
[EventDate "2023.02.14"]
[EventType "swiss (blitz)"]
[EventRounds "11"]
[EventCountry "USA"]
[SourceTitle "CBM 212 Extra"]
[Source "ChessBase"]
[SourceDate "2023.03.31"]
[SourceVersion "1"]
[SourceVersionDate "2023.03.31"]
[SourceQuality "1"]

1. d4 Nf6 2. c4 g6 3. Nc3 d5 4. cxd5 Nxd5 5. e4 Nxc3 6. bxc3 Bg7 7. Nf3 0-0 8. Be2 c5 9. 0-0 Qc7 10. Be3 Rd8 11. Rb1 Nc6 12. Qa4 Bg4 13. d5 Ne5 14. c4 Nxf3+ 15. Bxf3 Bxf3 16. gxf3 Be5 17. Kg2 Rf8 18. Bh6 Bg7 19. Bxg7 Kxg7 20. Qb3 b6 21. Qc3+ f6 22. Rfd1 Qd6 23. Qe3 g5 24. Re1 Qe5 25. Rb3 Rad8 26. Qc3 Kg6 27. Qxe5 fxe5 28. a4 Rd6 29. Ra1 Rf4 30. h3 h5 31. a5 g4 32. hxg4 hxg4 33. axb6 axb6 34. fxg4 Rxe4 35. Ra6 Rxg4+ 36. Kf3 Rxc4 37. Raxb6 Kf5 38. Ke3 Re4+ 39. Kf3 c4 0-1